Company director's desktop guide (Record no. 124536)
[ view plain ]
| 000 -LEADER | |
|---|---|
| fixed length control field | 01017nam a2200277Ia 4500 |
| 100 1# - MAIN ENTRY--AUTHOR NAME | |
| Personal name | Martin, David M. |
| 245 10 - TITLE STATEMENT | |
| Title | Company director's desktop guide |
| 250 ## - EDITION STATEMENT | |
| Edition statement | 6th ed. |
| 260 ## - PUBLICATION, DISTRIBUTION, ETC. (IMPRINT) | |
| Place of publication | London : |
| Name of publisher | Thorogood, |
| Year of publication | c2007. |
| 300 ## - PHYSICAL DESCRIPTION | |
| Number of Pages | xiv, 449 p. : |
| Other physical details | ill. |
| 650 #0 - SUBJECT ADDED ENTRY--TOPICAL TERM | |
| Topical Term | Directors of corporations. |
| Topical Term | Management. |
| 856 40 - ELECTRONIC LOCATION AND ACCESS | |
| Uniform Resource Identifier | http://site.ebrary.com/lib/rucke/Doc?id=10210852 |
No items available.
